Umění v historii Prahy : skripta pro průvodce Prahou. Díl 1 / Hana Primusová
První část stručného nástinu dějin českého výtvarného umění zaměřených na pražské prostředí se věnuje období od prvopočátků po manýrismus sklonku 16. a počátku 17. stol.
Skripta určená především pro budoucí průvodce Prahou pojímají město jako kamennou učebnici dějin umění. V kontextu s evropskými dějinami umění popisují, jak se za jedenáct set let do tváře Prahy zapsaly jednotlivé umělecké styly od předrománského umění po moderní umění 20. století. Po stručném přehledu historie umění Prahy následují kapitoly, v nichž autorka vždy nejprve charakterizuje dobu, poté popisuje vznik a znaky slohu (včetně názorných vyobrazení), věnuje se konkrétním příkladům pražské architektury, sochařství a malířství i umělcům daného období a v závěru přibližuje podobu města proměněnou pod vlivem konkrétního uměleckého stylu a společenského i urbanistického vývoje. - První díl popisuje umění předrománské, románské, ranou, vrcholnou a pozdní gotiku, husitské umění a obrazoborectví, umění renesanční a manýrismus.
Record details
- Physical Description: 273 s. : čb. obr.
- Publisher: Praha : Pražská informační služba, [1981]
Available copies
- 1 of 1 copy available at Common Catalog SPOK.
Holds
- 0 current holds with 1 total copy.
Show Only Available Copies
| Location | Call Number / Copy Notes | Barcode | Shelving Location | Status | Due Date |
|---|---|---|---|---|---|
| Jabok Library | VO-7.3/P | 424480020917 | Odborná literatura | Available | - |
| LDR | 01922nam a2200217 a 4500 | ||
|---|---|---|---|
| 001 | 13728 | ||
| 003 | CZ-PrJAB | ||
| 005 | 20191122103247.0 | ||
| 008 | 091202s1981 xr | | cze | ||
| 035 | . | ‡a(CZ PrSKC)kpw01068497 | |
| 040 | . | ‡aABE310 ‡bcze | |
| 080 | . | ‡a7:914.373.1 Praha(075) | |
| 080 | . | ‡a914.373.1 Praha:7(075) | |
| 100 | 1 | . | ‡aPrimusová, Hana ‡4aut |
| 245 | 1 | 0. | ‡aUmění v historii Prahy : ‡bskripta pro průvodce Prahou. ‡nDíl 1 / ‡cHana Primusová |
| 260 | . | ‡aPraha : ‡bPražská informační služba, ‡c[1981] | |
| 300 | . | ‡a273 s. : ‡bčb. obr. | |
| 520 | 9 | . | ‡aPrvní část stručného nástinu dějin českého výtvarného umění zaměřených na pražské prostředí se věnuje období od prvopočátků po manýrismus sklonku 16. a počátku 17. stol. |
| 520 | 9 | . | ‡aSkripta určená především pro budoucí průvodce Prahou pojímají město jako kamennou učebnici dějin umění. V kontextu s evropskými dějinami umění popisují, jak se za jedenáct set let do tváře Prahy zapsaly jednotlivé umělecké styly od předrománského umění po moderní umění 20. století. Po stručném přehledu historie umění Prahy následují kapitoly, v nichž autorka vždy nejprve charakterizuje dobu, poté popisuje vznik a znaky slohu (včetně názorných vyobrazení), věnuje se konkrétním příkladům pražské architektury, sochařství a malířství i umělcům daného období a v závěru přibližuje podobu města proměněnou pod vlivem konkrétního uměleckého stylu a společenského i urbanistického vývoje. - První díl popisuje umění předrománské, románské, ranou, vrcholnou a pozdní gotiku, husitské umění a obrazoborectví, umění renesanční a manýrismus. |
| 653 | 0 | . | ‡aarchitektura ‡aprůvodce ‡aumělecké památky |
| 910 | . | ‡aABG312 | |
| 995 | . | ‡aska | |
| 901 | . | ‡a13728 ‡bCZ PrSKC ‡c13728 ‡tbiblio | |